000 00617nam a2200181Ia 4500
008 090124s9999 xx 000 0 und d
082 _b24699
100 _aकुलकर्णी रा. पु.
245 _a डॉ. विक्रम साराभाई
250 _a1
260 _bअभिनव प्रकाशन
_c1974
300 _a72
600 _aकुलकर्णी रा. पु.
630 _a डॉ. विक्रम साराभाई
700 _aकुलकर्णी रा. पु.
730 _a डॉ. विक्रम साराभाई
942 _cBOOK
999 _c93335
_d93335